000 00364nam a2200145Ia 4500
008 230312s9999||||xx |||||||||||||| ||und||
020 _a0-8385-1524-X
082 _a616.075
_bTIE-C
100 _aTierney;Lawrence,M
245 0 _aCurrent Medical Diagnosis &Treatment
260 _bAppleton
_aUSA
_c1998
300 _a1628
650 _aMedical
_vSurgery
942 _cBK
999 _c4736
_d4736